Statistics for USA state quiz

Click here to take the quiz!

General Stats

  • This quiz has been taken 31 times
  • The average score is 7 of 7

Answers on the Map

Answers color-coded by a green-red scale on the quiz's map according to % correct below.
 

Answer Stats

Answer% Correct
flordia
100%
Alabama
96%
alaska
96%
hawaii
96%
Ohio
96%
Washington
96%
Michigan
92%

Score Distribution

Percentile by Number Answered

Percent of People with Each Score

Your Score History

You have not taken this quiz